Statistics for Company by Three of Its Brands #1

Click here to take the quiz!

General Stats

  • This quiz has been taken 40 times
  • The average score is 3 of 10

Answer Stats

HintAnswer% Correct
Sprite, Fanta, Barq'sCoca-Cola
93%
YouTube, Blogger, PicasaGoogle
61%
Louis Vuitton, Hennessy, TAG HeuerLVMH
32%
Frito-Lay, Gatorade, Quaker OatsPepsi
32%
Omega, Tissot, LonginesSwatch
21%
Taco Bell, KFC, Pizza HutYum!
21%
Febreze, Tide, BountyProcter & Gamble
18%
GEICO, Dairy Queen, DuracellBerkshire Hathaway
14%
Arby's, Sonic, Jimmy John'sInspire
14%
The North Face, Vans, TimberlandVF
14%

Score Distribution

Percentile by Number Answered

Percent of People with Each Score

Your Score History

You have not taken this quiz